000 00318nam a2200121Ia 4500
008 220217s9999||||xx |||||||||||||| ||und||
082 _a005.73 GUP
100 _aGupta, Amit
245 0 _aData structures through C
260 _aGalgotia booksource
_bNew Delhi
_c2001
300 _b175
650 _aDATA STRUCTURES
999 _c167863
_d167863